MARC details
| 000 -CABECERA |
| campo de control de longitud fija |
01985nam a2200229 a 4500 |
| 003 - IDENTIFICADOR DEL NÚMERO DE CONTROL |
| campo de control |
DO-SdBNP |
| 005 - FECHA Y HORA DE LA ÚLTIMA TRANSACCIÓN |
| campo de control |
20220912152148.0 |
| 007 - CAMPO FIJO DE DESCRIPCIÓN FÍSICA--INFORMACIÓN GENERAL |
| campo de control de longitud fija |
ta |
| 008 - DATOS DE LONGITUD FIJA--INFORMACIÓN GENERAL |
| campo de control de longitud fija |
220912e2007 dr ah||gr|||| 001 0 spa d |
| 040 ## - FUENTE DE LA CATALOGACIÓN |
| Centro catalogador/agencia de origen |
DO-SdBNP |
| Lengua de catalogación |
spa |
| Centro/agencia transcriptor |
BNPHU |
| 082 #4 - NÚMERO DE LA CLASIFICACIÓN DECIMAL DEWEY |
| Número de edición |
22 |
| Número de documento/Ítem |
E36c |
| 245 10 - MENCIÓN DE TÍTULO |
| Título |
La ejecución del código procesal penal: |
| Resto del título |
2004 - 2006. compilación de Informes, Discursos y Reacciones de la Prensa Escrita. / |
| 260 ## - PUBLICACIÓN, DISTRIBUCIÓN, ETC. |
| Lugar de publicación, distribución, etc. |
Santo Domingo : |
| Nombre del editor, distribuidor, etc. |
CONAEJ, |
| Fecha de publicación, distribución, etc. |
2007 |
| 300 ## - DESCRIPCIÓN FÍSICA |
| Extensión |
210 p. : |
| Otras características físicas |
il., facs. ; |
| Dimensiones |
24 cm. |
| 505 0# - NOTA DE CONTENIDO CON FORMATO |
| Nota de contenido con formato |
Presentación. |
| Título |
Discurso del presidente Leonel Fernández en la ceremonia de puesta en vigencia del Código Procesal Penal.-- |
| -- |
Informe de consultoría para el Comisionado de Apoyo a la Reforma y Modernización de la Justicia (CARMJ) de la República Dominicana acerca de la implementación de la Reforma Procesal Penal. / |
| Mención de responsabilidad |
Cristián R. Hernández.-- |
| Título |
Discurso del doctor César Pina Toribio, presidente de la Comisión Nacional de Ejecución de la Reforma Procesal Penal, con ocasión del primer año de implementación del Código Procesal Penal. -- |
| -- |
Informe de consultoría: observaciones, comentarios y recomendaciones a un año de la vigencia del nuevo Código Procesal Penal. / |
| Mención de responsabilidad |
Ricardo Mendaña y Marcos Salt.-- |
| Título |
Criminalidad y Reforma Procesal Penal. / |
| Mención de responsabilidad |
(pleno CONAEJ).-- |
| Título |
Resumen ejecutivo del Informe General./ |
| Mención de responsabilidad |
(pleno CONAEJ).-- |
| Título |
Resumen ejecutivo del Informe General II Años de Ejecución del Código Procesal Penal en la República Dominicana. / -- |
| Mención de responsabilidad |
(pleno CONAEJ).-- |
| Título |
Diagnóstico y propuestas para perfeccionar la Reforma Procesal Penal en República Dominicana. / |
| Mención de responsabilidad |
Rafael Blanco y Hugo Rojas.-- |
| Título |
Reacciones de la prensa escrita. |
| 590 ## - NOTA LOCAL (RLIN) |
| Nota local |
Inventariado 2022 / MF |
| 650 #4 - PUNTO DE ACCESO ADICIONAL DE MATERIA--TÉRMINO DE MATERIA |
| 9 (RLIN) |
16873 |
| Término de materia o nombre geográfico como elemento de entrada |
Administración de Justicia Penal |
| Subdivisión geográfica |
República Dominicana |
| 650 #4 - PUNTO DE ACCESO ADICIONAL DE MATERIA--TÉRMINO DE MATERIA |
| 9 (RLIN) |
76767 |
| Término de materia o nombre geográfico como elemento de entrada |
Procedimiento penal |
| Subdivisión geográfica |
República Dominicana |
| 710 1# - PUNTO DE ACCESO ADICIONAL--NOMBRE DE ENTIDAD CORPORATIVA |
| Nombre de entidad corporativa o nombre de jurisdicción como elemento de entrada |
Comisión Nacional de Ejecución de la Reforma Procesal Penal (República Dominicana). |
| 9 (RLIN) |
82347 |
| 910 ## - DATOS DE OPCIÓN DEL USUARIO (OCLC) |
| Datos de opción del usuario |
MFeliz |
| 942 ## - ELEMENTOS DE PUNTO DE ACCESO ADICIONAL (KOHA) |
| Fuente del sistema de clasificación o colocación |
Dewey Decimal Classification |
| Tipo de ítem Koha |
Libro |